<?xml version="1.0" encoding="UTF-8"?>
<record
    xmlns:xsi="http://www.w3.org/2001/XMLSchema-instance"
    xsi:schemaLocation="http://www.loc.gov/MARC21/slim http://www.loc.gov/standards/marcxml/schema/MARC21slim.xsd"
    xmlns="http://www.loc.gov/MARC21/slim">

  <leader>01740nam0a22004331  4500</leader>
  <controlfield tag="001">RU\NLR\A1SV\43662</controlfield>
  <controlfield tag="005">20251203171251.9</controlfield>
  <datafield tag="035" ind1=" " ind2=" ">
    <subfield code="a">(NLR Aleph) 009725848</subfield>
  </datafield>
  <datafield tag="090" ind1=" " ind2=" ">
    <subfield code="a">9890468</subfield>
    <subfield code="c">9890468</subfield>
  </datafield>
  <datafield tag="100" ind1=" " ind2=" ">
    <subfield code="a">20020819d1924    u  y0rusy50      ca</subfield>
  </datafield>
  <datafield tag="101" ind1="0" ind2=" ">
    <subfield code="a">rus</subfield>
  </datafield>
  <datafield tag="102" ind1=" " ind2=" ">
    <subfield code="a">RU</subfield>
  </datafield>
  <datafield tag="200" ind1="1" ind2=" ">
    <subfield code="a">&#x412;&#x43E;&#x438;&#x43D;&#x441;&#x43A;&#x438;&#x435; &#x43F;&#x440;&#x435;&#x441;&#x442;&#x443;&#x43F;&#x43B;&#x435;&#x43D;&#x438;&#x44F;</subfield>
    <subfield code="e">(&#x421;&#x442;. &#x441;&#x442;. 200-214 &#x423;&#x433;&#x43E;&#x43B;&#x43E;&#x432;. &#x43A;&#x43E;&#x434;&#x435;&#x43A;&#x441;&#x430;)</subfield>
    <subfield code="f">&#x41F;&#x440;&#x43E;&#x444;. &#x410;.&#x410;.&#x416;&#x438;&#x436;&#x438;&#x43B;&#x435;&#x43D;&#x43A;&#x43E;</subfield>
  </datafield>
  <datafield tag="210" ind1=" " ind2=" ">
    <subfield code="a">&#x41C;.</subfield>
    <subfield code="c">&#x41F;&#x440;&#x430;&#x432;&#x43E; &#x438; &#x436;&#x438;&#x437;&#x43D;&#x44C;</subfield>
    <subfield code="d">1924</subfield>
  </datafield>
  <datafield tag="215" ind1=" " ind2=" ">
    <subfield code="a">54, [2] &#x441;.</subfield>
    <subfield code="d">21 &#x441;&#x43C;</subfield>
  </datafield>
  <datafield tag="225" ind1=" " ind2=" ">
    <subfield code="a">&#x423;&#x433;&#x43E;&#x43B;&#x43E;&#x432;. &#x43A;&#x43E;&#x434;&#x435;&#x43A;&#x441; &#x420;.&#x421;.&#x424;.&#x421;.&#x420;.</subfield>
    <subfield code="e">&#x41F;&#x440;&#x430;&#x43A;&#x442;. &#x43A;&#x43E;&#x43D;&#x441;&#x43F;&#x435;&#x43A;&#x442;</subfield>
    <subfield code="f">&#x41F;&#x43E;&#x434; &#x440;&#x435;&#x434;. &#x43F;&#x440;&#x43E;&#x444;. &#x41C;.&#x41D;.&#x413;&#x435;&#x440;&#x43D;&#x435;&#x442;&#x430;, &#x43F;&#x440;&#x43E;&#x444;. &#x410;.&#x41D;.&#x422;&#x440;&#x430;&#x439;&#x43D;&#x438;&#x43D;&#x430;</subfield>
    <subfield code="f">&#x41A;&#x43D;-&#x432;&#x43E; "&#x41F;&#x440;&#x430;&#x432;&#x43E; &#x438; &#x436;&#x438;&#x437;&#x43D;&#x44C;" &#x43F;&#x43E;&#x434; &#x43E;&#x431;&#x449;. &#x440;&#x435;&#x434;. &#x43F;&#x440;&#x43E;&#x444;. &#x410;.&#x41C;.&#x412;&#x438;&#x43D;&#x430;&#x432;&#x435;&#x440;&#x430;, &#x41C;.&#x41D;.&#x413;&#x435;&#x440;&#x43D;&#x435;&#x442;&#x430;, &#x410;.&#x41D;.&#x422;&#x440;&#x430;&#x439;&#x438;&#x43D;&#x43D;&#x430;[!]</subfield>
  </datafield>
  <datafield tag="300" ind1=" " ind2=" ">
    <subfield code="a">&#x41D;&#x430;&#x43F;&#x435;&#x447;. &#x432; &#x441;.&#x422;&#x430;&#x439;&#x43D;&#x438;&#x43D;&#x441;&#x43A;&#x43E;&#x43C;</subfield>
  </datafield>
  <datafield tag="620" ind1=" " ind2=" ">
    <subfield code="d">&#x41C;&#x43E;&#x441;&#x43A;&#x432;&#x430;</subfield>
  </datafield>
  <datafield tag="700" ind1=" " ind2="1">
    <subfield code="4">070</subfield>
    <subfield code="7">ca</subfield>
    <subfield code="8">rus</subfield>
    <subfield code="a">&#x416;&#x438;&#x436;&#x438;&#x43B;&#x435;&#x43D;&#x43A;&#x43E;</subfield>
    <subfield code="b">&#x410;. &#x410;.</subfield>
    <subfield code="f">1873-</subfield>
    <subfield code="g">&#x410;&#x43B;&#x435;&#x43A;&#x441;&#x430;&#x43D;&#x434;&#x440; &#x410;&#x43B;&#x435;&#x43A;&#x441;&#x430;&#x43D;&#x434;&#x440;&#x43E;&#x432;&#x438;&#x447;</subfield>
    <subfield code="9">208013</subfield>
    <subfield code="3">RU\NLR\AUTH\770208066</subfield>
  </datafield>
  <datafield tag="702" ind1=" " ind2="1">
    <subfield code="a">&#x412;&#x438;&#x43D;&#x430;&#x432;&#x435;&#x440;</subfield>
    <subfield code="b">&#x410;.&#x41C;.</subfield>
    <subfield code="f">1883-1947</subfield>
    <subfield code="g">&#x410;&#x43B;&#x435;&#x43A;&#x441;&#x430;&#x43D;&#x434;&#x440; &#x41C;&#x430;&#x440;&#x43A;&#x43E;&#x432;&#x438;&#x447;</subfield>
    <subfield code="4">070</subfield>
  </datafield>
  <datafield tag="702" ind1=" " ind2="1">
    <subfield code="a">&#x413;&#x435;&#x440;&#x43D;&#x435;&#x442;</subfield>
    <subfield code="b">&#x41C;.&#x41D;.</subfield>
    <subfield code="f">1874-1953</subfield>
    <subfield code="g">&#x41C;&#x438;&#x445;&#x430;&#x438;&#x43B; &#x41D;&#x438;&#x43A;&#x43E;&#x43B;&#x430;&#x435;&#x432;&#x438;&#x447;</subfield>
    <subfield code="4">070</subfield>
  </datafield>
  <datafield tag="702" ind1=" " ind2="1">
    <subfield code="6">z01790</subfield>
    <subfield code="a">&#x422;&#x440;&#x430;&#x439;&#x43D;&#x438;&#x43D;</subfield>
    <subfield code="b">&#x410;.&#x41D;.</subfield>
    <subfield code="f">1883-1957</subfield>
    <subfield code="g">&#x410;&#x440;&#x43E;&#x43D; &#x41D;&#x430;&#x443;&#x43C;&#x43E;&#x432;&#x438;&#x447;</subfield>
    <subfield code="4">070</subfield>
  </datafield>
  <datafield tag="790" ind1=" " ind2="1">
    <subfield code="6">z01702</subfield>
    <subfield code="a">&#x422;&#x440;&#x430;&#x439;&#x438;&#x43D;&#x43D;</subfield>
    <subfield code="4">070</subfield>
  </datafield>
  <datafield tag="801" ind1=" " ind2="0">
    <subfield code="a">RU</subfield>
    <subfield code="b">NLR</subfield>
    <subfield code="c">20020819</subfield>
  </datafield>
  <datafield tag="852" ind1=" " ind2=" ">
    <subfield code="a">NLR</subfield>
    <subfield code="j">35.60.6.164</subfield>
  </datafield>
  <datafield tag="852" ind1=" " ind2=" ">
    <subfield code="a">NLR</subfield>
    <subfield code="j">35.60.6.164&#x430;</subfield>
  </datafield>
  <datafield tag="899" ind1=" " ind2=" ">
    <subfield code="a">&#x413;&#x41F;&#x418;&#x411;</subfield>
  </datafield>
  <datafield tag="899" ind1=" " ind2=" ">
    <subfield code="a">SLK</subfield>
  </datafield>
  <datafield tag="899" ind1=" " ind2=" ">
    <subfield code="a">&#x411;&#x410;&#x41D;</subfield>
  </datafield>
  <datafield tag="899" ind1=" " ind2=" ">
    <subfield code="a">&#x41C;&#x413;&#x423;</subfield>
  </datafield>
  <datafield tag="899" ind1=" " ind2=" ">
    <subfield code="a">&#x41D;&#x411; &#x41A;&#x435;&#x43C;&#x413;&#x423;</subfield>
  </datafield>
  <datafield tag="899" ind1=" " ind2=" ">
    <subfield code="a">&#x420;&#x41A;&#x41F;</subfield>
  </datafield>
  <datafield tag="899" ind1=" " ind2=" ">
    <subfield code="a">&#x420;&#x413;&#x411;</subfield>
  </datafield>
  <datafield tag="899" ind1=" " ind2=" ">
    <subfield code="a">NLG</subfield>
  </datafield>
  <datafield tag="899" ind1=" " ind2=" ">
    <subfield code="a">&#x421;&#x41F;&#x431;&#x413;&#x423;</subfield>
  </datafield>
  <datafield tag="942" ind1=" " ind2=" ">
    <subfield code="c">BOOK</subfield>
  </datafield>
  <datafield tag="980" ind1=" " ind2=" ">
    <subfield code="a">NB</subfield>
  </datafield>
  <datafield tag="980" ind1=" " ind2=" ">
    <subfield code="a">A1SV</subfield>
  </datafield>
  <datafield tag="995" ind1=" " ind2=" ">
    <subfield code="5">2016-05-13</subfield>
    <subfield code="b">NLR02</subfield>
    <subfield code="c">NLR02</subfield>
    <subfield code="e">RFS</subfield>
    <subfield code="f">9725848-10</subfield>
    <subfield code="k">35.60.6.164</subfield>
    <subfield code="o">0</subfield>
    <subfield code="r">BOOK</subfield>
    <subfield code="s">35606164_</subfield>
  </datafield>
  <datafield tag="995" ind1=" " ind2=" ">
    <subfield code="5">2016-05-13</subfield>
    <subfield code="b">NLR02</subfield>
    <subfield code="c">NLR02</subfield>
    <subfield code="e">RFS</subfield>
    <subfield code="f">9725848-20</subfield>
    <subfield code="k">35.60.6.164&#x430;</subfield>
    <subfield code="o">0</subfield>
    <subfield code="r">BOOK</subfield>
    <subfield code="s">35606164_</subfield>
  </datafield>
</record>
